From Mummers to Madness (Record no. 62689)

MARC details
000 -LEADER
fixed length control field 01446nam a2200229Ii 4500
003 - CONTROL NUMBER IDENTIFIER
control field URS
005 - DATE AND TIME OF LATEST TRANSACTION
control field 20230602143033.0
008 - FIXED-LENGTH DATA ELEMENTS--GENERAL INFORMATION
fixed length control field 221202s xx 000 0 und d
040 ## - CATALOGING SOURCE
Transcribing agency URS
100 1# - MAIN ENTRY--PERSONAL NAME
Personal name Taylor, David,
Relator term author
245 #0 - TITLE STATEMENT
Title From Mummers to Madness
246 ## - VARYING FORM OF TITLE
Title proper/short title A Social History of Popular Music in England, c.1770s to c.1970s
264 #1 - PRODUCTION, PUBLICATION, DISTRIBUTION, MANUFACTURE, AND COPYRIGHT NOTICE
Place of production, publication, distribution, manufacture Huddersfield
Name of producer, publisher, distributor, manufacturer University of Huddersfield Press
Date of production, publication, distribution, manufacture, or copyright notice 2021
300 ## - PHYSICAL DESCRIPTION
Extent 1 online resource (452 pages)
336 ## - CONTENT TYPE
Content type term text
Content type code txt
Source rdacontent
337 ## - MEDIA TYPE
Media type term computer
Media type code c
Source rdamedia
338 ## - CARRIER TYPE
Carrier type term online resource
Carrier type code cr
Source rdacarrier
520 ## - SUMMARY, ETC.
Summary, etc. From Mummers to Madness surveys the evolution of popular music in England from the mid-Georgian to mid-Elizabethan years. It considers the major socio-economic and technological developments that impacted profoundly on the production and consumption of music, and seeks to explain how popular music both shaped and responded to these changes.
653 ## - INDEX TERM--UNCONTROLLED
Uncontrolled term Popular Music, Socio-Economic, Technological Developments, Production, Consumption Of Music, Industrial Revolution, Victorian Music, Edwardian Music, Music Hall, Dance Saloon, Record, Radio, Music Hall, Rock €�N’ Roll, Rhythm And Blues, African-Caribbean, Calypso, Reggae
856 ## - ELECTRONIC LOCATION AND ACCESS
Uniform Resource Identifier <a href="https://library.oapen.org/bitstream/20.500.12657/50575/1/10.5920_mummers.fulltext.pdfhttps://unipress.hud.ac.uk/plugins/books/28/https://library.oapen.org/handle/20.500.12657/50575">https://library.oapen.org/bitstream/20.500.12657/50575/1/10.5920_mummers.fulltext.pdfhttps://unipress.hud.ac.uk/plugins/books/28/https://library.oapen.org/handle/20.500.12657/50575</a>
942 ## - ADDED ENTRY ELEMENTS (KOHA)
Koha item type E-Book
Source of classification or shelving scheme Library of Congress Classification
Holdings
Withdrawn status Damaged status Not for loan Home library Current library Date acquired Total Checkouts Date last seen Price effective from Koha item type
      Directory of Open Access Books Directory of Open Access Books 11/28/2022   11/28/2022 11/28/2022 E-Book

University of Rizal System
Email us at univlibservices@urs.edu.ph

Visit our Website www.urs.edu.ph/library